<?xml version="1.0" encoding="UTF-8"?>
<record
    xmlns:xsi="http://www.w3.org/2001/XMLSchema-instance"
    xsi:schemaLocation="http://www.loc.gov/MARC21/slim http://www.loc.gov/standards/marcxml/schema/MARC21slim.xsd"
    xmlns="http://www.loc.gov/MARC21/slim">

  <leader>02093nam a22004217a 4500</leader>
  <controlfield tag="008">160111b        xxu||||| |||| 00| 0 eng d</controlfield>
  <datafield tag="020" ind1=" " ind2=" ">
    <subfield code="a">1879128276</subfield>
  </datafield>
  <datafield tag="082" ind1=" " ind2=" ">
    <subfield code="a">709.040.52</subfield>
    <subfield code="b">G733a</subfield>
  </datafield>
  <datafield tag="100" ind1=" " ind2=" ">
    <subfield code="a">Gradowczyk, Mario H. [Curador]</subfield>
    <subfield code="9">4359</subfield>
  </datafield>
  <datafield tag="245" ind1=" " ind2=" ">
    <subfield code="a">Abstract Art from the R&#xED;o de la Plata: Buenos Aires and Montevideo 1933-1953</subfield>
    <subfield code="c">Mario H. Gradowczyk [Curador], Nelly Perazzo [Curadora]</subfield>
  </datafield>
  <datafield tag="260" ind1=" " ind2=" ">
    <subfield code="a">New York: </subfield>
    <subfield code="b">The Americas Society, </subfield>
    <subfield code="c">2001</subfield>
  </datafield>
  <datafield tag="300" ind1=" " ind2=" ">
    <subfield code="a">159 p.</subfield>
    <subfield code="b">il. (col.)</subfield>
    <subfield code="c">28 cm.</subfield>
  </datafield>
  <datafield tag="505" ind1=" " ind2=" ">
    <subfield code="t">Acknowledgments // Thomas E. McNamara</subfield>
    <subfield code="t">Sponsor Foreword // Fondo Nacional de las Artes, Argentina</subfield>
    <subfield code="t">Picturing the Abstract: Notes on Some Visual Strategies // Edward J. Sullivan</subfield>
    <subfield code="t">Abstract Art from the R&#xED;o de la Plata: Buenos Aires and Montevideo, 1933-1953 // Mario H. Gradowczyk and Nelly Perazzo</subfield>
    <subfield code="t">Abstract Art Between Images and Words: Vision and Division in a Single Gaze // Lisa Block de Behar</subfield>
    <subfield code="t">Plates</subfield>
    <subfield code="t">Juan Del Prete, Esteban Lisa, Joaqu&#xED;n Torres-Garc&#xED;a</subfield>
    <subfield code="t">Asociaci&#xF3;n Arte Concreto-Invenci&#xF3;n</subfield>
    <subfield code="t">Arte Mad&#xED;</subfield>
    <subfield code="t">Perceptismo</subfield>
    <subfield code="t">Jos&#xE9; Pedro Costigliolo, Mar&#xED;a Freire, Antonio Llorens, V&#xED;ctor Magari&#xF1;os D.</subfield>
  </datafield>
  <datafield tag="650" ind1=" " ind2=" ">
    <subfield code="a">Arte Abstracto</subfield>
    <subfield code="x">Exhibiciones</subfield>
    <subfield code="y">S. 20</subfield>
    <subfield code="z">Argentina</subfield>
    <subfield code="9">4360</subfield>
  </datafield>
  <datafield tag="650" ind1=" " ind2=" ">
    <subfield code="a">Arte Abstracto</subfield>
    <subfield code="x">Exhibiciones</subfield>
    <subfield code="y">S. 20</subfield>
    <subfield code="z">Uruguay</subfield>
    <subfield code="9">4361</subfield>
  </datafield>
  <datafield tag="700" ind1=" " ind2=" ">
    <subfield code="a">Perazzo, Nelly [Curadora]</subfield>
    <subfield code="9">4363</subfield>
  </datafield>
  <datafield tag="700" ind1=" " ind2=" ">
    <subfield code="a">Arden Quin, Carmelo</subfield>
    <subfield code="9">4364</subfield>
  </datafield>
  <datafield tag="700" ind1=" " ind2=" ">
    <subfield code="a">Blaszko, Mart&#xED;n</subfield>
    <subfield code="9">4365</subfield>
  </datafield>
  <datafield tag="700" ind1=" " ind2=" ">
    <subfield code="a">Costigliolo, Jos&#xE9; Pedro</subfield>
    <subfield code="9">4366</subfield>
  </datafield>
  <datafield tag="700" ind1=" " ind2=" ">
    <subfield code="a">Del Prete, Juan</subfield>
    <subfield code="9">4367</subfield>
  </datafield>
  <datafield tag="700" ind1=" " ind2=" ">
    <subfield code="a">Espinosa, Manuel</subfield>
    <subfield code="9">4368</subfield>
  </datafield>
  <datafield tag="700" ind1=" " ind2=" ">
    <subfield code="a">Freire, Mar&#xED;a</subfield>
    <subfield code="9">4369</subfield>
  </datafield>
  <datafield tag="700" ind1=" " ind2=" ">
    <subfield code="a">Girola, Claudio</subfield>
    <subfield code="9">4370</subfield>
  </datafield>
  <datafield tag="700" ind1=" " ind2=" ">
    <subfield code="a">Hlito, Aldredo</subfield>
    <subfield code="9">4371</subfield>
  </datafield>
  <datafield tag="700" ind1=" " ind2=" ">
    <subfield code="a">Lommi, Enio</subfield>
    <subfield code="9">4372</subfield>
  </datafield>
  <datafield tag="700" ind1=" " ind2=" ">
    <subfield code="a">Kosice, Gyula</subfield>
    <subfield code="9">4373</subfield>
  </datafield>
  <datafield tag="700" ind1=" " ind2=" ">
    <subfield code="a">Lisa, Esteban</subfield>
    <subfield code="9">4374</subfield>
  </datafield>
  <datafield tag="700" ind1=" " ind2=" ">
    <subfield code="a">Llorens, Antonio</subfield>
    <subfield code="9">4375</subfield>
  </datafield>
  <datafield tag="700" ind1=" " ind2=" ">
    <subfield code="a">Lozza, Ra&#xFA;l</subfield>
    <subfield code="9">4376</subfield>
  </datafield>
  <datafield tag="700" ind1=" " ind2=" ">
    <subfield code="a">Magari&#xF1;os D., Victor</subfield>
    <subfield code="9">4377</subfield>
  </datafield>
  <datafield tag="700" ind1=" " ind2=" ">
    <subfield code="a">Maldonado, Tom&#xE1;s</subfield>
    <subfield code="9">4378</subfield>
  </datafield>
  <datafield tag="700" ind1=" " ind2=" ">
    <subfield code="a">Mel&#xE9;, Juan</subfield>
    <subfield code="9">4379</subfield>
  </datafield>
  <datafield tag="700" ind1=" " ind2=" ">
    <subfield code="a">Prati, Lidy</subfield>
    <subfield code="9">4380</subfield>
  </datafield>
  <datafield tag="700" ind1=" " ind2=" ">
    <subfield code="a">Rothfuss, Rhod</subfield>
    <subfield code="9">4381</subfield>
  </datafield>
  <datafield tag="700" ind1=" " ind2=" ">
    <subfield code="a">Torres-Garc&#xED;a, Joaqu&#xED;n</subfield>
    <subfield code="9">4382</subfield>
  </datafield>
  <datafield tag="700" ind1=" " ind2=" ">
    <subfield code="a">Uricchio, Rodolfo Ian</subfield>
    <subfield code="9">4383</subfield>
  </datafield>
  <datafield tag="700" ind1=" " ind2=" ">
    <subfield code="a">Vard&#xE1;nega, Gregorio</subfield>
    <subfield code="9">4384</subfield>
  </datafield>
  <datafield tag="999" ind1=" " ind2=" ">
    <subfield code="c">806</subfield>
    <subfield code="d">806</subfield>
  </datafield>
  <datafield tag="952" ind1=" " ind2=" ">
    <subfield code="0">0</subfield>
    <subfield code="1">0</subfield>
    <subfield code="2">ddc</subfield>
    <subfield code="4">0</subfield>
    <subfield code="7">0</subfield>
    <subfield code="a">LV</subfield>
    <subfield code="b">LV</subfield>
    <subfield code="c">Colectivas</subfield>
    <subfield code="d">2016-01-11</subfield>
    <subfield code="l">0</subfield>
    <subfield code="o">709.040.52 G733a</subfield>
    <subfield code="p">000234</subfield>
    <subfield code="r">2016-01-11 00:00:00</subfield>
    <subfield code="w">2016-01-11</subfield>
    <subfield code="y">01</subfield>
  </datafield>
</record>
